NFL Active Receiving Leaders - Statistics

General Stats
  • This quiz has been taken 71 times
  • The average score is 31 of 50
Answer Stats
Yards Teams Draft Year Answer % Correct
10,296 GB, LV 2014 Davante Adams
98%
9,680 MIN, BUF 2015 Stefon Diggs
98%
11,889 HOU, ARI, TEN 2013 DeAndre Hopkins
96%
13,640 ATL, TEN, TB, PHI 2011 Julio Jones
96%
11,162 TB 2014 Mike Evans
96%
10,941 KC 2013 Travis Kelce
96%
9,416 KC, MIA 2016 Tyreek Hill
96%
8,951 LV, DAL, CLE 2015 Amari Cooper
93%
10,182 LAC 2013 Keenan Allen
89%
7,594 SEA 2015 Tyler Lockett
86%
7,625 NYG, CLE, LAR, BAL 2014 Odell Beckham Jr.
84%
6,693 LAR 2017 Cooper Kupp
79%
5,396 MIN 2020 Justin Jefferson
79%
5,496 TEN, PHI 2019 A.J. Brown
77%
8,954 NO, NE, LAR, HOU, DAL 2014 Brandin Cooks
77%
6,188 TB 2017 Chris Godwin
75%
6,569 NO 2016 Michael Thomas
75%
7,334 MIN, CAR 2014 Adam Thielen
72%
4,371 DAL 2020 CeeDee Lamb
72%
5,994 CAR, CHI 2018 D.J. Moore
72%
5,813 SF 2017 George Kittle
72%
4,770 SEA 2019 D.K. Metcalf
70%
4,882 WAS 2019 Terry McLaurin
68%
8,514 NO, SEA, GB, CHI 2010 Jimmy Graham
63%
4,937 PIT, KC, NE 2017 JuJu Smith-Schuster
60%
4,834 BAL 2018 Mark Andrews
60%
3,920 DEN 2018 Courtland Sutton
58%
3,813 ATL, JAX 2018 Calvin Ridley
56%
4,806 LAC 2017 Mike Williams
56%
5,750 CIN 2016 Tyler Boyd
56%
7,605 GB, DAL, HOU, NYJ 2011 Randall Cobb
54%
4,634 ARI, JAX 2018 Christian Kirk
53%
3,965 PIT 2019 Diontae Johnson
53%
4,095 CAR, SF 2017 Christian McCaffrey
49%
6,902 JAX, CHI, LAR, PIT 2014 Allen Robinson
47%
7,434 PHI, ARI 2013 Zach Ertz
47%
3,696 LAC 2017 Austin Ekeler
42%
5,424 MIA, NE 2015 DeVante Parker
42%
7,421 CIN, DET, JAX 2012 Marvin Jones Jr.
42%
7,846 BUF, LAR, TEN, HOU 2013 Robert Woods
40%
4,058 NO 2017 Alvin Kamara
39%
5,744 DAL, BUF, TB 2012 Cole Beasley
37%
3,956 BAL, LV, NYG 2015 Darren Waller
37%
5,108 JAX, GB, CHI 2006 Marcedes Lewis
37%
3,732 LAC, NE 2016 Hunter Henry
35%
4,066 NYG 2016 Sterling Shepard
35%
4,040 NYG, JAX 2017 Evan Engram
33%
4,470 PHI, LV, NE, BAL 2015 Nelson Agholor
32%
5,024 NYJ, CAR, ARI, MIA 2016 Robbie Chosen
30%
4,806 WAS, NYJ, BUF 2015 Jamison Crowder
26%
No matching quizzes found
Score Distribution
Percent of People with Each Score
Percentile by Number Answered
Your Score History
You have not taken this quiz